000 00565nam a2200229Ia 4500
005 20230414150740.0
008 230125s9999 xx 000 0 und d
020 _a9788184001624
041 _aeng
082 _a658
_bLAH
100 _aLaha A K
_9117068
245 _aHow to Make The Right Decision
250 _aEd.1st
260 _c2015
_bRandom house
_aHaryana
300 _a181p
500 _aGeneral Management
650 _aGeneral Management
700 _aLaha A K
_9117068
906 _b92.69
942 _cBK
999 _c94804
_d94804